000 00703nam a22002057a 4500
999 _c20453
_d20453
003 AR-CdUCM
008 190514b ||||| |||| 00| 0 spa d
040 _aMUNICIPALIDAD PROVINCIAL DEL CUSCO
_cBIBLIOTECA MUNICIPAL DEL CUSCO
082 _a341.03 /
_bC13
100 _aCabanellas, Guillermo.
_939174
245 _aDiccionario de derecho usual /
260 _aBuenos Aires :
_bArayu,
_c1953.
300 _a3 tomos ;
_c32 cm.
505 _aContenido : t.1: Indicaciones para la consulta y el manejo de esta obra -- t.2: Diccionario -- t.3 Diccionario.
650 _aDiccionario
_95196
650 _aDerecho civil.
_97386
650 _aOrden alfabético
_940007
942 _2ddc
_cLIBROS
945 _arcc